MARC

LEADER 00000nam0a2200000 4500
001 143206
005 20231031143145.0
035 |a (RuTPU)RU\TPU\book\155177 
090 |a 143206 
100 |a 20080917d1989 k y0rusy50 ca 
101 0 |a rus 
102 |a RU 
105 |a a z 001zy 
200 1 |a Силовые преобразователи электрической энергии  |e межвузовский сборник научных трудов  |f Новосибирский электротехнический институт (НЭТИ) 
210 |a Новосибирск  |c [Б. и.]  |d 1989 
215 |a 137 с.  |c ил. 
320 |a Библиография в конце статей 
610 1 |a силовые преобразователи 
610 1 |a электрическая энергия 
610 1 |a сборники 
610 1 |a проектирование 
610 1 |a анализ 
610 1 |a исследование 
610 1 |a автоматизированный электропривод 
610 1 |a электроснабжение 
675 |a 621.314.632  |v 3 
712 0 2 |a Новосибирский электротехнический институт (НЭТИ)  |c (1950-1992)  |2 stltpush  |3 (RuTPU)RU\TPU\col\203 
801 1 |a RU  |b 63413507  |c 20080917  |g PSBO 
801 2 |a RU  |b 63413507  |c 20121108  |g PSBO 
942 |c BK